000 01362nam a2200361Ia 4500
001 ebr10559111
003 CaPaEBR
006 m u
007 cr cn|||||||||
008 110111s2010 quc sb 001 0 eng d
010 _z 2010537407
020 _z0773536159
020 _z9780773536159
020 _z9780773576834
040 _aCaPaEBR
_cCaPaEBR
035 _a(OCoLC)759157071
050 1 4 _aBL473.5
_b.Y68 2010eb
082 0 4 _a202/.114
_222
100 1 _aYoung, Katherine K.,
_d1944-
245 1 0 _aSanctifying misandry
_h[electronic resource] :
_bgoddess ideology and the fall of man /
_cKatherine K. Young and Paul Nathanson.
260 _aMontreal ;
_aIthaca :
_bMcGill-Queen's University Press,
_cc2010.
300 _axiv, 407 p.
504 _aIncludes bibliographical references and index.
533 _aElectronic reproduction.
_bPalo Alto, Calif. :
_cebrary,
_d2011.
_nAvailable via World Wide Web.
_nAccess may be limited to ebrary affiliated libraries.
650 0 _aGoddess religion.
650 0 _aMisandry.
650 0 _aSex role
_xReligious aspects.
650 0 _aSin, Original.
655 7 _aElectronic books.
_2local
700 1 _aNathanson, Paul,
_d1947-
710 2 _aebrary, Inc.
856 4 0 _uhttp://site.ebrary.com/lib/rucke/Doc?id=10559111
_zAn electronic book accessible through the World Wide Web; click to view
999 _c89357
_d89357